[Event "Assiut op 5th"]
[Site "Assiut"]
[Date "2009.08.11"]
[Round "7"]
[White "Yousry, Salah"]
[Black "Abdel Hafeiz, Ayman"]
[Result "1-0"]
[WhiteElo "2314"]
[BlackElo "1987"]
[PlyCount "49"]
[EventDate "2009.08.04"]
[EventType "swiss"]
[EventRounds "9"]
[EventCountry "EGY"]
[SourceTitle "EXT 2010"]
[Source "ChessBase"]
[SourceDate "2010.11.25"]
[SourceVersion "1"]
[SourceVersionDate "2010.11.25"]
[SourceQuality "1"]

1. e4 c5 2. Nc3 Nc6 3. f4 e6 4. Nf3 d5 5. Bb5 Nge7 6. exd5 exd5 7. Ne5 a6 8. Bxc6+ Nxc6 9. Nxc6 bxc6 10. 0-0 Be7 11. d3 0-0 12. f5 Bf6 13. Qh5 g6 14. Qg4 Bg7 15. Bg5 f6 16. Bd2 Bxf5 17. Qa4 Qb6 18. Kh1 Bd7 19. Nxd5 Qb5 20. Ne7+ Kf7 21. Qe4 Rfe8 22. Rae1 Bf5 23. Rxf5 gxf5 24. Qe6+ Kf8 25. Qg8# 1-0

[Event "Assiut op 5th"]
[Site "Assiut"]
[Date "2009.08.08"]
[Round "5"]
[White "Abdel Hafeiz, Ayman"]
[Black "Hanafy, Salah"]
[Result "1-0"]
[WhiteElo "1987"]
[BlackElo "2157"]
[PlyCount "55"]
[EventDate "2009.08.04"]
[EventType "swiss"]
[EventRounds "9"]
[EventCountry "EGY"]
[SourceTitle "EXT 2010"]
[Source "ChessBase"]
[SourceDate "2010.11.25"]
[SourceVersion "1"]
[SourceVersionDate "2010.11.25"]
[SourceQuality "1"]

1. e4 e6 2. d4 d5 3. Nc3 Bb4 4. Nge2 dxe4 5. a3 Be7 6. Nxe4 Nf6 7. Nxf6+ Bxf6 8. Bf4 Nc6 9. c3 Qd5 10. Bxc7 Qe4 11. f3 Qe3 12. Qd2 Qxd2+ 13. Kxd2 Bd7 14. Re1 0-0 15. Nc1 Rac8 16. Bf4 Rfd8 17. Bd3 g5 18. Bg3 h5 19. h4 g4 20. fxg4 hxg4 21. Bf4 Ne7 22. h5 Bc6 23. h6 Bxg2 24. h7+ Kh8 25. Rh5 Bf3 26. Bh6 Re8 27. Bb5 Nc6 28. Nd3 1-0